TH-SOF-0832-IMPLEMENTATION OF JUST-IN-TIME MANAGEMENT SYSTEM IN MANUFACTURING INDUSTRY OF PAKISTAN AND THE VARIOUS RISK INVOLVE IN IT (Record no. 578697)

000 -LEADER
fixed length control field 00429nam a22001217a 4500
082 ## - DEWEY DECIMAL CLASSIFICATION NUMBER
Classification number 200 THE
100 ## - MAIN ENTRY--PERSONAL NAME
Personal name DANISH RAUF
9 (RLIN) 72702
245 ## - TITLE STATEMENT
Title TH-SOF-0832-IMPLEMENTATION OF JUST-IN-TIME MANAGEMENT SYSTEM IN MANUFACTURING INDUSTRY OF PAKISTAN AND THE VARIOUS RISK INVOLVE IN IT
260 ## - PUBLICATION, DISTRIBUTION, ETC.
Place of publication, distribution, etc. ISLAMABAD
Name of publisher, distributor, etc. NUST COLLEGE OF EME
Date of publication, distribution, etc. 2013
650 ## - SUBJECT ADDED ENTRY--TOPICAL TERM
Topical term or geographic name entry element MS-EM-6 MSTHESIS
9 (RLIN) 70416
700 ## - ADDED ENTRY--PERSONAL NAME
Personal name SUPERVISOR DR AKHTAR NAWAZ MALIK
942 ## - ADDED ENTRY ELEMENTS (KOHA)
Koha item type Computer Files
Holdings
Withdrawn status Lost status Damaged status Not for loan Permanent Location Current Location Shelving location Date acquired Total Checkouts Full call number Barcode Date last seen Price effective from Koha item type
        College of Electrical & Mechanical Engineering (CEME) College of Electrical & Mechanical Engineering (CEME) Reference 03/05/2020   200 THE TH-SOF-0832 06/28/2021 06/28/2021 Computer Files
© 2023 Central Library, National University of Sciences and Technology. All Rights Reserved.